MARC

LEADER 00000naa2a2200000 4500
001 604502
005 20260212132637.0
035 |a (RuTPU)RU\TPU\conf\1774 
035 |a RU\TPU\conf\1749 
090 |a 604502 
100 |a 20140305d2013 k y0rusy50 ca 
101 0 |a rus 
102 |a RU 
135 |a drnn ---uucaa 
181 0 |a i  
182 0 |a b 
200 1 |a Гендерные особенности руководителя  |f Ю. Е. Ахаева, К. М. Апарин  |g науч. рук. Н. В. Кривовяз 
203 |a Текст  |c электронный 
225 1 |a Актуальные вопросы в сфере управления человеческими ресурсами 
300 |a Заглавие с титульного экрана 
320 |a [Библиогр.: с. 337 (3 назв.)] 
337 |a Adobe Reader 
463 1 |0 (RuTPU)RU\TPU\conf\506  |t Импульс-2013  |o труды X Международной научно-практической конференции студентов, молодых ученых и предпринимателей в сфере экономики, менеджмента и инноваций, 27-29 ноября 2013 г., г. Томск  |f Национальный исследовательский Томский политехнический университет (ТПУ) ; под ред. С. Л. Ереминой и др.  |v [С. 336-337]  |d 2013 
610 1 |a труды учёных ТПУ 
610 1 |a электронный ресурс 
610 1 |a гендерные особенности 
610 1 |a руководители 
610 1 |a бизнес 
610 1 |a методы управления 
700 1 |a Ахаева  |b Ю. Е. 
701 1 |a Апарин  |b К. М. 
702 1 |a Кривовяз  |b Н. В.  |c экономист  |c ассистент Томского политехнического университета  |f 1989-  |g Наталья Викторовна  |4 727 
712 0 2 |a Национальный исследовательский Томский политехнический университет (ТПУ)  |b Институт социально-гуманитарных технологий (ИСГТ)  |b Кафедра инженерного предпринимательства (ИП)  |3 (RuTPU)RU\TPU\col\18857 
801 2 |a RU  |b 63413507  |c 20230327  |g RCR 
856 4 |u http://www.lib.tpu.ru/fulltext/c/2013/C25/143.pdf 
942 |c CF